000
00318nam a22001457a 4500
008
221118b ||||| |||| 00| 0 eng d
020
_a
0896031578
041
_a
eng
080
_a
32
082
_a
32COH
100
_a
32
101
_a
JURE
245
_a
REPRODUCTIVE LAWS FOR THE 1990s
_c
COHEN SH
942
_2
udc
_c
BK
999
_c
58944
_d
58944